| 000 | nam a22 7a 4500 | ||
|---|---|---|---|
| 999 |
_c29257 _d29257 |
||
| 008 | 171123b xxu||||| |||| 00| 0 eng d | ||
| 020 | _a9780199548415 | ||
| 050 | _aREF PE 1628 .S63 2009. | ||
| 100 |
_aSoanes,Catherene, Angus Stevenson. _d2009. |
||
| 245 |
_aConcise Oxford English Dictionary/ _cSoanes,Catherene, Angus Stevenson. |
||
| 250 | _a11th ed. | ||
| 260 |
_aGreat Britain: _bOxford, _c2009. |
||
| 300 |
_axx, _c24cm |
||
| 650 | _aDictionary | ||
| 942 |
_2lcc _cBOOKS _hREF PE 1628 .S63 2009. |
||